| 000 | 00608 a2200169 4500 | ||
|---|---|---|---|
| 003 | Nust | ||
| 005 | 20230328122350.0 | ||
| 040 | _cNust | ||
| 082 | _a808.82,FRO | ||
| 100 |
_aRawlinson, H.G. _9111510 |
||
| 245 |
_aSelected Essays of James Anthony Froude / _cH. G Rawlinson |
||
| 260 |
_aNew York _c1945 |
||
| 300 | _a176:p | ||
| 505 | _aIntroduction life of Froude (Page-1), The Science of History (Page-70), Education (Page-38), Scientific Method Applied to History (Page-71), On Progress (Page-100), On Progress (Page-120), Representative Men (Page-137). | ||
| 650 |
_aEssays _956300 |
||
| 942 |
_2ddc _cBK |
||
| 999 |
_c186826 _d186826 |
||